De grootste Belgische stedelijke gebieden A-Z - Statistieken

Algemene statistieken
  • Deze quiz is 62 keer genomen
  • De gemiddelde score is 11 van 15
Antwoordstatistieken
Hint Antwoord % Correct
A Antwerpen | Aalst
100%
B Brussel | Bergen | Brugge
100%
L Luik | La Louvière | Leuven
91%
C Charleroi
89%
G Gent | Genk
88%
H Hasselt | Hoei
86%
N Namen | Ninove
79%
K Kortrijk
77%
O Oostende
75%
M Mechelen | Moeskroen
72%
S Sint-Niklaas | Sambreville
61%
R Roeselare
42%
T Turnhout
42%
V Verviers
37%
D Doornik
26%
Geen overeenkomende quizzen gevonden
Scoreverdeling
Procent van Mensen met Elke Score
Percentiel versus Aantal Correcte Antwoorden
Uw Scoregeschiedenis
U heeft deze quiz nog niet genomen